Recopilación de leyes y decretos: industria minera y salitrera

Salvato in:
Dettagli Bibliografici
Ente Autore: Superintendencia de Salitre y Minas (Autore)
Natura: Libro
Lingua:spagnolo
Pubblicazione: Santiago Superintendencia de Salitre y Minas 1928
Soggetti:
Tags: Aggiungi Tag
Nessun Tag, puoi essere il primo ad aggiungerne!!

MARC

LEADER 00000nam a2200000 a 4500
001 UCR3926
003 CL-VaPUC
008 980130e19280000CL |||||||||||||||||spa|d
082 0 4 |a 343.077  |b SUP  |2 21 
110 2 |a Superintendencia de Salitre y Minas  |e author  |9 403391 
245 1 0 |a Recopilación de leyes y decretos: industria minera y salitrera 
300 |a 188 p 
942 |c BK 
945 |d 19980130 00:00:00  |a aolguin 
260 |a Santiago  |b Superintendencia de Salitre y Minas  |c 1928 
650 0 |a Minería  |9 326008 
650 0 |a Salitre  |9 313872 
650 7 |a CARBON  |2 CL-VaPUC  |9 268755 
650 7 |a RECOPILACIONES, REPERTORIOS, ETC  |2 CL-VaPUC  |9 403392 
650 0 |a Derecho minero  |9 257109 
650 7 |a EXTRACCION DE MINERALES  |2 CL-VaPUC  |9 353552 
650 7 |a EXPLOTACION MINERA  |2 CL-VaPUC  |9 394341 
583 |a last modification  |c 20170612 04:54:59  |k Rodrigo Vera 
999 |c 266943  |d 266941 
952 |0 0  |1 0  |4 0  |6 343_077000000000000_SUP_1928  |7 0  |8 X  |9 298996  |a BIBDER  |b BIBDER  |d 2019-11-20  |i 1952021  |o 343.077 SUP 1928  |p 1952021  |r 2023-01-25  |w 2019-11-20  |y BK_X  |k DER